000 00612nam a2200205Ia 4500
003 OSt
005 20220927105123.0
006 a|||||r|||| 00| 0
007 ta
008 220926b |||||||| |||| 00| 0 eng d
024 _a196359
037 _cReference Collections
040 _aRTL
_cRTL
_beng
041 _2eng
_aeng
082 _a"U7.2.D, M0"
100 _aChattopadhaya Sudhakar
_9370298
245 0 _aPeriplus of the Erythraean Sea & Ptolemy on Ancient Geography of India
942 _h"U7.2.D, M0"
_cCC
999 _c690753
_d690753